Imaginace ve výchově, umění a sportu : (filosofická reflexe) /
| Hlavní autor: | Pelcová, Naděžda, 1954- |
|---|---|
| Další autoři: | Hogenová, Anna, 1946- |
| Jazyk: | Němčina Slovenština Čeština Angličtina |
| Vydáno: |
Praha : Univerzita Karlova v Praze, Pedagogická fakulta, 2010 |
| Témata: | |
| Externí odkaz: |
Digitalizovaný dokument
|
| Fyzický popis: |
328 s. : il. ; 21 cm |
| Language note: |
Část. anglický, německý a slovenský text, anglická resumé |
| LEADER | 02222nam a2200589 a 4500 | ||
|---|---|---|---|
| 001 | nkc20102095419 | ||
| 003 | CZ PrNK | ||
| 005 | 20100924075016.0 | ||
| 007 | ta | ||
| 008 | 100408s2010 xr a f 000 0 cze | ||
| 015 | |a cnb002095419 | ||
| 020 | |a 978-80-7290-433-4 |q (brož.) | ||
| 035 | |a (OCoLC)670478547 | ||
| 040 | |a BOA001 |b cze |d ABA001 | ||
| 041 | 0 | |a cze |a eng |a ger |a slo |b eng | |
| 072 | 7 | |a 159.95 |x Vyšší duševní procesy |2 Konspekt |9 17 | |
| 080 | |a 159.954.3 |2 MRF | ||
| 080 | |a 101 |2 MRF | ||
| 080 | |a 001.83 |2 MRF | ||
| 080 | |a 37.0 |2 MRF | ||
| 080 | |a 21/29-1/-9 |2 MRF | ||
| 080 | |a 72/76 |2 MRF | ||
| 080 | |a 796/799 |2 MRF | ||
| 080 | |a (048.8:082) |2 MRF | ||
| 100 | 1 | |a Pelcová, Naděžda, |d 1954- |7 jn20001103128 |4 aut | |
| 245 | 1 | 0 | |a Imaginace ve výchově, umění a sportu : |b (filosofická reflexe) / |c Pelcová N., Hogenová A. et al. |
| 260 | |a Praha : |b Univerzita Karlova v Praze, Pedagogická fakulta, |c 2010 | ||
| 300 | |a 328 s. : |b il. ; |c 21 cm | ||
| 500 | |a 200 výt. | ||
| 504 | |a Obsahuje bibliografie a bibliografické odkazy | ||
| 546 | |a Část. anglický, německý a slovenský text, anglická resumé | ||
| 650 | 0 | 7 | |a imaginace |7 ph121035 |x filozofické pojetí |2 czenas |
| 650 | 0 | 7 | |a imaginace |7 ph121035 |x interdisciplinární aspekty |2 czenas |
| 650 | 0 | 7 | |a výchova |7 ph127418 |2 czenas |
| 650 | 0 | 7 | |a náboženství |7 ph115485 |2 czenas |
| 650 | 0 | 7 | |a umění |7 ph116538 |2 czenas |
| 650 | 0 | 7 | |a sport |7 ph116248 |2 czenas |
| 650 | 0 | 9 | |a imagery (psychology) |x philosophical approach |2 eczenas |
| 650 | 0 | 9 | |a imagery (psychology) |x interdisciplinary aspects |2 eczenas |
| 650 | 0 | 9 | |a education |2 eczenas |
| 650 | 0 | 9 | |a religion |2 eczenas |
| 650 | 0 | 9 | |a art |2 eczenas |
| 650 | 0 | 9 | |a sports |2 eczenas |
| 655 | 7 | |a kolektivní monografie |7 fd501537 |2 czenas | |
| 655 | 9 | |a collective monographs |2 eczenas | |
| 700 | 1 | |a Hogenová, Anna, |d 1946- |7 jn20001103064 |4 aut | |
| 856 | 4 | 1 | |u http://www.digitalniknihovna.cz/mzk/uuid/uuid:8a8a0a10-5d62-11e7-aab4-005056827e52 |y Digitalizovaný dokument |x NDK |
| 910 | 2 | |a BOA001 |b 2-1248.150 | |
| 990 | |a BK | ||
| 995 | |a 01 | ||
| 991 | |b 201009 |c NOV |e n | ||
| 996 | 6 | |b 2610446732 |c 2-1248.150 |l MZK |r Sklad / do 1 hodiny |n 13 |p p.v. |w 001139014 |u 000010 |a 1 |e BOA001 |j MZK50 |s P | |
English
Čeština 